00981nas a2200229Ia 4500001001100000003000900011008004100020040001300061040001300074041001300087100004700100210001000147222001000157245008900167250001100256260004100267501008600308300001700394362004100411500026000452650003900712R455/D7414IT-RoPAU151124c99999999xx |||||||||||| ||und|| aIT-RoPAU cIT-RoPAU aITALIANO aGiovannini LuigigCodice Aut. SPICS: 6029 aJESUS aJesus aJESUS, ANNO 11-N.10 SUPPL. (OTTOBRE 1989)bCosi' Da Alba Nel Mondo Per Evangelizzare a1a ed. aALBA (CN)bPERIODICI SAN PAOLOc1989 bPaulus - SPICS - Società San Paolo EM (non-commercial uses only)cCopyright2015 a6 p. [70-75] aANNO 011, N.10 SUPPL. (OTTOBRE 1989) aAccanto Ai 1185 Paolini Collaborano 2500 Laici. Editi Ogni Anno 10 Milionidi Volumi (2 Milioni di Sole Bibbie), e Oltre una Cinquantina di Periodiciche Raggiungono Quasi 25 Milioni di Lettori. in Forte Sviluppo il Settore Audiovisivi. Spics per la Ricerca aPASTORALEvPUBBLICAZIONE PERIODICA